Slovenia or Canada? - Statistics

General Stats
  • This quiz has been taken 74 times
  • The average score is 8 of 10
Answer Stats
Question Answer % Correct
Which one is Canada?
100%
Which one is Canada?
100%
Which one is Canada?
93%
Which one is Canada?
93%
Which one is Canada?
86%
Which one is Canada?
79%
Which one is Canada?
71%
Which one is Canada?
71%
Which one is Canada?
50%
Which one is Canada?
21%
No matching quizzes found
Score Distribution
Percent of People with Each Score
Percentile by Number Answered
Your Score History
You have not taken this quiz